|
|
|
|
| LEADER |
00000nab#a22000007a#4500 |
| 001 |
arbauad046878 |
| 003 |
AR-BaUAD |
| 005 |
20250711113610.0 |
| 008 |
000925|||||||||###||||||b###|0###a|spa|| |
| 040 |
|
|
|a AR-BaUAD
|c AR-BaUAD
|b spa
|
| 100 |
|
|
|a Cutuli, Gracia
|
| 245 |
|
|
|a XII Salón Nacional Bienal de Arte Textil /
|c Gracia Cutuli;
|
| 300 |
0 |
|
|b fot.
|
| 653 |
|
|
|a XII SALON NACIONAL BIENAL DE ARTE TEXTIL
|
| 653 |
|
|
|a RIO GALLEGOS
|
| 653 |
|
|
|a SANTA CRUZ
|
| 653 |
|
|
|a BIENALES
|
| 653 |
|
|
|a 1998
|
| 653 |
|
|
|a EXPOSICIONES
|
| 653 |
|
|
|a ARTE TEXTIL
|
| 653 |
|
|
|a ARTISTAS
|
| 653 |
|
|
|a PREMIOS
|
| 653 |
|
|
|a CRITICA DE ARTE
|
| 653 |
|
|
|a TAPICES
|
| 653 |
|
|
|a SALONES DE ARTE TEXTIL
|
| 653 |
|
|
|a 1998
|
| 773 |
0 |
|
|t TRAMEMOS
|g no. 47 [dic. 1998], p. 4-6
|
| 942 |
|
|
|c ARTI
|
| 952 |
|
|
|0 0
|1 0
|4 0
|7 0
|9 91797
|a AR-BAuAD
|b AR-BAuAD
|d 2025-07-11
|l 0
|p AAQA046878
|r 2025-07-11 11:36:10
|w 2025-07-11
|y ARTI
|
| 990 |
|
|
|a DT199
|b TD
|
| 990 |
|
|
|a A199
|b TD
|
| 998 |
|
|
|a AAQ
|b BIBUN76
|
| 999 |
|
|
|c 71470
|d 71470
|